000
00310nam a22001337a 4500
003
SGT
082
_a
615.532
_b
A15S
100
_a
SOUTER, KEITH
245
_a
THE ART OF HOMOEOPATHY REMEDY SELECTION MADE EASY
260
_a
INDIA
_b
B.JAIN PUB
_c
2015
300
_a
154
650
_a
HOMOEOPATHIC
942
_2
ddc
_c
BK
999
_c
20440
_d
20440